Préterit - 20 verbes irréguliers anglais aléatoires - Statistiques

Statistiques générales
  • Ce quiz a été pris 95 fois
    94 depuis la dernière actualisation
  • Le résultat moyen est 8 sur 20
Statistiques - réponses
Préterit Traduction française % Correct
ate manger
100%
bought acheter
100%
broke casser
100%
came venir
100%
chose choisir
100%
did faire
100%
drank boire
100%
forgot oublier
100%
had avoir
100%
read lire
100%
sang chanter
100%
slept dormir
100%
took prendre
100%
wrote écrire
100%
spoke parler
92%
lost perdre
91%
knew connaître, savoir
90%
won gagner
90%
made fabriquer
89%
drove conduire
88%
saw voir
86%
found trouver
85%
put mettre
83%
spent dépenser, passer du temps
83%
fought se battre
82%
gave donner
80%
shot tirer, fusiller
80%
stuck coller
80%
sent envoyer
79%
became devenir
78%
cut couper
78%
thought penser
78%
went aller
78%
dreamt, dreamed rêver
75%
paid payer
75%
ran courir
75%
swam nager
75%
was, were être
75%
sat s'asseoir
73%
built construire
71%
burnt, burned brûler
71%
got obtenir
71%
bit mordre
70%
bet parier
69%
fell tomber
67%
heard entendre
67%
hurt blesser
67%
slid glisser
67%
understood comprendre
67%
woke réveiller
67%
wore porter (avoir sur soi)
67%
said dire
64%
felt se sentir, ressentir
63%
caught attraper
60%
grew grandir, pousser
60%
learnt apprendre
60%
shut fermer
60%
told dire, raconter
60%
hid cacher
58%
taught enseigner
58%
drew dessiner, tirer
57%
met rencontrer
57%
swore jurer
57%
smelt sentir
56%
cost coûter
55%
could pouvoir
55%
beat battre
50%
fed nourrir
50%
froze geler
50%
held tenir
50%
meant signifier
50%
overcame surmonter
50%
rang sonner, téléphoner
50%
rode monter (vélo, cheval)
50%
saw, sawed scier
50%
shone briller
50%
sold vendre
50%
spread répandre
50%
stole voler, dérober
50%
brought apporter
44%
left laisser, quitter, partir
44%
began commencer
40%
forgave pardonner
40%
kept garder
40%
sweat, sweated suer
40%
spat, spit cracher
38%
wet, wetted mouiller
38%
stank puer
35%
arose survenir, surgir
33%
blew souffler, gonfler
33%
dug creuser
33%
forbade interdire
33%
quit quitter
33%
shook secouer
33%
threw jeter
33%
awoke se réveiller
29%
clung s'accrocher
29%
led mener, guider
29%
stood être debout
29%
tore déchirer
29%
lent prêter
27%
hung tenir, pendre
25%
knelt, knelled s'agenouiller
25%
lit, lighted allumer
25%
spilt, spilled renverser
25%
bent plier, se courber
22%
lay s'allonger
22%
leant, leaned s'incliner, se pencher
22%
rose lever
22%
showed montrer
22%
hit taper, appuyer
20%
proved prouver
20%
relaid relayer
20%
bled saigner
17%
bore porter, supporter, naître
17%
cast jeter, distribuer (rôles)
17%
sought chercher
17%
swept balayer
17%
wept pleurer
15%
broadcast diffuser, émettre
14%
crept ramper
14%
flew voler (comme un oiseau)
14%
forecast prévoir (météo)
14%
split fendre
14%
bid, bade offrir (autre que offer)
13%
dwelt habiter
13%
pled, pleaded supplier, plaider
11%
ground moudre, opprimer
9%
strove s'efforcer
8%
wound enrouler, remonter
8%
abode respecter, se conformer à
0%
begat, begot engendrer
0%
bred élever (des animaux)
0%
burst éclater
0%
chid, chode gronder
0%
clad, clothed habiller, recouvrir
0%
dealt distribuer
0%
dived plonger
0%
fled s'enfuir
0%
flung lancer
0%
foresaw prévoir, presentir
0%
forsook abandonner (par trahison)
0%
laid poser
0%
leapt, leaped sauter, bondir
0%
let permettre, louer
0%
mowed tondre
0%
offset compenser
0%
partook prendre part à
0%
preset programmer
0%
rid débarrasser
0%
sank, sunk couler
0%
set fixer
0%
shed répandre, laisser tomber
0%
shod chausser
0%
slew tuer
0%
slit fendre
0%
slunk, slinked s'en aller furtivement
0%
sowed semer
0%
sped aller vite
0%
spelt épeler, orthographier
0%
spoilt gâcher, gâter
0%
sprang surgir, jaillir, bondir
0%
spun tourner, faire tourner
0%
strewed éparpiller
0%
struck frapper (avec précision)
0%
stung piquer
0%
swelled, sweated gonfler, enfler
0%
swung se balancer
0%
throve, thrived prospérer
0%
thrust enfoncer
0%
trod piétiner quelque chose
0%
typeset composer
0%
underwent subir
0%
withdrew se retirer
0%
wrung tordre
0%
Aucun quiz correspondant
Distribution des résultats
% des personnes avec chaque résultat
Percentile par nombre de réponses
Votre historique - résultats
Vous n’avez pas pris ce quiz depuis la dernière actualisation